Culture Générale - Série 2533 - Statistiques

Statistiques générales
  • Ce quiz a été pris 90 fois
  • Le résultat moyen est 3 sur 10
Statistiques - réponses
Question Réponse % Correct
Quel animal est appelé "plie" ? poisson
72%
Adjectif relatif à la mort " 5 lettres finissant par "l " létal
62%
Au judo, au karaté, etc., succession de mouvements codifiés mimant un combat et réalisant une démonstration technique. kata
42%
Au Moyen Age : Poète et jongleur de la France du Nord, s'exprimant en langue d'oïl trouvère
38%
Adjectif signifiant "faute digne de pardon (opposé à péché mortel)". véniel
34%
Appareil de levage - voir photo palan
27%
Chez les Romains, esprit tutélaire chargé de protéger la maison, la cité. lare
25%
Grosse toile claire et à jour qui sert de support aux ouvrages de tapisserie à l'aiguille. canevas
20%
Quel est le nom du personnage silencieux créé en 1947 par Marcel Mangel, dit le Mime Marceau ? Bip
7%
Mollusque bivalve comestible proche de la praire, commun sur les côtes atlantiques de l'Amérique du Nord et de l'Europe. clam
6%
Aucun quiz correspondant
Distribution des résultats
% des personnes avec chaque résultat
Percentile par nombre de réponses
Votre historique - résultats
Vous n’avez pas pris ce quiz